| 000 | 00475nam a22001817a 4500 | ||
|---|---|---|---|
| 003 | OSt | ||
| 005 | 20140310182134.0 | ||
| 008 | 130828t xxu||||| |||| 00| 0 eng d | ||
| 050 |
_aE 176.1 _b.B496 1990 |
||
| 082 |
_aHS 818.5402 _bB45 1990 |
||
| 100 |
_aBerger, Melvin _94942 |
||
| 245 |
_a101 president jokes / _cMelvin Berger. |
||
| 260 |
_aNew York : _bScholastic Inc., _c1990. |
||
| 300 |
_a96 p. ; _c18 cm. |
||
| 650 |
_aAmerica _914872 |
||
| 942 | _2lcc | ||
| 999 |
_c9735 _d9735 |
||